| 000 | 00598nam a22001817a 4500 | ||
|---|---|---|---|
| 003 | OSt | ||
| 005 | 20260615113614.0 | ||
| 008 | 260615b |||||||| |||| 00| 0 eng d | ||
| 020 | _a9781412927796 | ||
| 040 | _cChuka University Library | ||
| 050 | _aLB3013 .T3 2007 | ||
| 100 |
_aTate Marcia L. _929161 |
||
| 245 | _aShouting won't grow dendrites : 20 techniques for managing a brain-compatible classroom | ||
| 260 |
_aCalifornia _bCorwin press _c2007 |
||
| 300 |
_avarious paging _billustrated |
||
| 650 |
_a20 techniques for managing a brain-compatible classroom _929162 |
||
| 942 |
_2lcc _cBK _n0 |
||
| 999 |
_c24267 _d24267 |
||